| 000 | 00455nam a2200145Ia 4500 | ||
|---|---|---|---|
| 001 | 3888 | ||
| 008 | 241024s9999 xx 000 0 und d | ||
| 020 | _a978-9945-415-59-9 | ||
| 082 | _aRD/863.5/C726s | ||
| 100 | _aDomingo Ángel Tavárez Jáquez | ||
| 245 | 0 | _aAventuras y encuentros mágicos. Cuentos de niños y niñas dominicanos | |
| 260 |
_bPontificia Universidad Católica Madre y Maestra _c2014 |
||
| 901 | _a28/1/2015 9:54:35 a.m. | ||
| 999 |
_c7782 _d7782 |
||